00419nam a2200157 a 45000010005000000030009000050080041000140400028000550820019000831000024001022450025001262600061001513000009002124900018002216500022002392192CO-ViMGA141112s2004 ck r 000 u spa d aCO-ViMGAbspacCO-ViMGA04aCo861.44 L652d1 aLondoño, Santiago10aDelirio del inmortal aSantafé de Bogotá : bSimón y Lola Guberek, c1985 a49 p aLiteraria, 1014aPOESIA COLOMBIANA